MARC

LEADER 00000nam0a2200000 4500
001 195460
005 20260120101123.0
035 |a (RuTPU)RU\TPU\book\213238 
035 |a RU\TPU\tpu\873 
090 |a 195460 
100 |a 20110510d1916 km y0rusy50 ca 
101 0 |a rus 
102 |a RU 
105 |a a j 000|y 
200 1 |a Объяснительные чтения по первой физической лаборатории  |f В. Д. Кузнецов 
210 |a Томск  |c Т-во "Печатня С. П. Яковлева"  |d 1916 
215 |a 80 с.  |c 61 рис в тексте 
300 |a Литогр. изд. 
300 |a Текст в русской дореформенной орфографии 
606 1 |a Физика твердого тела  |2 stltpush  |3 (RuTPU)RU\TPU\subj\63727  |9 80702 
610 1 |a физика 
610 1 |a учебные пособия 
610 1 |a труды учёных ТПУ 
610 1 |a Коллекция Труды учёных ТПУ 
610 1 |a микроскопы 
610 1 |a зрительные трубы 
610 1 |a катетометр 
610 1 |a ускорение 
610 1 |a сила тяжести 
610 1 |a колебательные движения 
675 |a 539.2  |v 3 
700 1 |a Кузнецов  |b В. Д.  |c русский физик  |c профессор, академик АН СССР  |c преподавал в ТТИ и на Сибирских высших женских курсах  |c с 1917 преподавал в ТГУ, директор СФТИ (1929-1933, 1937-1960)  |f 1887-1963  |g Владимир Дмитриевич  |3 (RuTPU)RU\TPU\pers\18076 
801 0 |a RU  |b 63413507  |c 20011210  |g PSBO 
801 2 |a RU  |b 63413507  |c 20221114  |g PSBO 
942 |c BK